Dialogue and conflict resolution : (Record no. 16422)
[ view plain ]
| 000 -LEADER | |
|---|---|
| fixed length control field | 01966cam a22003134i 4500 |
| 001 - CONTROL NUMBER | |
| control field | 18590501 |
| 005 - DATE AND TIME OF LATEST TRANSACTION | |
| control field | 20170105102939.0 |
| 008 - FIXED-LENGTH DATA ELEMENTS--GENERAL INFORMATION | |
| fixed length control field | 150424s2015 enk b 001 0 eng |
| 010 ## - LIBRARY OF CONGRESS CONTROL NUMBER | |
| LC control number | 2015004250 |
| 020 ## - INTERNATIONAL STANDARD BOOK NUMBER | |
| International Standard Book Number | 9781472438836 (hardbacke : alk. paper) |
| 020 ## - INTERNATIONAL STANDARD BOOK NUMBER | |
| Canceled/invalid ISBN | 9781472438843 (ebook) |
| 020 ## - INTERNATIONAL STANDARD BOOK NUMBER | |
| Canceled/invalid ISBN | 9781472438850 (epub) |
| 040 ## - CATALOGING SOURCE | |
| Original cataloging agency | DLC |
| Language of cataloging | eng |
| Transcribing agency | DLC |
| Description conventions | rda |
| Modifying agency | DLC |
| 042 ## - AUTHENTICATION CODE | |
| Authentication code | pcc |
| 050 00 - LIBRARY OF CONGRESS CALL NUMBER | |
| Classification number | JZ5601 |
| Item number | .D53 2015 |
| 082 00 - DEWEY DECIMAL CLASSIFICATION NUMBER | |
| Classification number | 327.172 |
| Edition number | 23 |
| Author Mark | DIA 2015 |
| 245 00 - TITLE STATEMENT | |
| Title | Dialogue and conflict resolution : |
| Remainder of title | potential and limits / |
| Statement of responsibility, etc. | edited by Pernille Rieker and Henrik Thune. |
| 260 ## - PUBLICATION, DISTRIBUTION, ETC. | |
| Place of publication, distribution, etc. | England |
| Name of publisher, distributor, etc. | Ashgate |
| Date of publication, distribution, etc. | 2015 |
| 300 ## - PHYSICAL DESCRIPTION | |
| Extent | ix, 233 pages ; |
| Dimensions | 24 cm |
| 504 ## - BIBLIOGRAPHY, ETC. NOTE | |
| Bibliography, etc. note | Includes bibliographical references and index. |
| 505 0# - FORMATTED CONTENTS NOTE | |
| Formatted contents note | Introduction : Dialogue and conflict resolution / Pernille Rieker -- Diplomacy and Dialogue / Ole Jacob Sending -- The dysfunctions of non-party conflict diplomacy / Henrik Thune and Frida Nome -- Dialogue in a World of Emotional Politics / Paul Saurette and Henrik Thune -- What makes dialogue and diplomacy work or not? : Russia, Georgia and Russia, Ukraine / Jakub M. Godzimirski -- Nuclear Diplomacy : the Case of Iran / Sverre Lodgaard -- Libya : The promise and pitfalls of diplomacy / Målfrid Braut-Hegghammer and Pernille Rieker -- Peace dialogue, the Afghan case 2001-2014 / Michael Semple -- The attempts of dialogue in Sudan / John Ashworth -- Dialogue as tool for addressing religious tensions : containing the violence, or true conflict resolution? / George Fahmi -- Conclusions / Pernille Rieker and Henrik Thune. |
| 650 #0 - SUBJECT ADDED ENTRY--TOPICAL TERM | |
| Topical term or geographic name entry element | Conflict management |
| General subdivision | International cooperation |
| Form subdivision | Case studies. |
| 650 #0 - SUBJECT ADDED ENTRY--TOPICAL TERM | |
| Topical term or geographic name entry element | Peace-building |
| General subdivision | International cooperation |
| Form subdivision | Case studies. |
| 700 1# - ADDED ENTRY--PERSONAL NAME | |
| Personal name | Rieker, Pernille, |
| Dates associated with a name | 1971- |
| 700 1# - ADDED ENTRY--PERSONAL NAME | |
| Personal name | Thune, Henrik, |
| Dates associated with a name | 1969- |
| 906 ## - LOCAL DATA ELEMENT F, LDF (RLIN) | |
| a | 7 |
| b | cbc |
| c | orignew |
| d | 1 |
| e | ecip |
| f | 20 |
| g | y-gencatlg |
| 942 ## - ADDED ENTRY ELEMENTS (KOHA) | |
| Source of classification or shelving scheme | |
| Koha item type | Book |
| Withdrawn status | Lost status | Damaged status | Not for loan | Collection code | Permanent Location | Current Location | Shelving location | Date acquired | Total Checkouts | Full call number | Barcode | Date last seen | Price effective from | Koha item type |
|---|---|---|---|---|---|---|---|---|---|---|---|---|---|---|
| Centre for International Peace & Stability (CIPS) | Centre for International Peace & Stability (CIPS) | General Stacks | 06/30/2016 | 327.172 DIA 2015 | CIPS0002852 | 07/20/2016 | 07/20/2016 | Book |
